000 00300nam a22001217a 4500
008 220110b ||||| |||| 00| 0 eng d
020 _a9789386062215
050 _a362
_b1
245 _aA Birth That Changed A Nation
260 _aNew Delhi
_bSAGE Publications
_c2017
300 _a1
942 _2ddc
_cBK
999 _c11940
_d11940